000 00821nam a2200217 a 4500
003 DO-SdBNP
005 20240307073950.0
007 ta
008 220603e2006 dr ad||frlg|| 001 0 spa d
040 _aDO-SdBNP
_bspa
_cBNPHU
082 4 _222
_bR426c
110 1 _aRepública Dominicana.
_b Junta Central Electoral
_964605
245 1 0 _aCompilación de la legislación electoral de la República Dominicana:
_b2006.
260 _aSanto Domingo :
_bJunta Central Electoral,
_c[2006]
300 _a279 p. :
_bil., gráf. ;
_c 22 cm
505 _aConstitución de la República Dominicana.--
_tLey electoral No. 275-97 y sus Modificaciones.--
_tReglamentos.--
_tResoluciones.--
590 _aInventariado 2022 / MF
651 4 _951354
_aRepúblia Dominicana
_vElecciones
_xLegislación
910 _aMFeliz
942 _2ddc
_cLBS1
999 _c51930
_d51930